000 00685nam a2200253Ia 4500
003 OSt
005 20220924114202.0
006 a|||||r|||| 00| 0
007 ta
008 220923b |||||||| |||| 00| 0 ara d
020 _c1.75
024 _a335382
037 _cTextual
040 _aARTS
_cARTS
_bara
041 _2ara
_aara
082 _aO28x, G4
100 _aJafri M.H.S Jalaluddin Ahmad Au.
_9172299
245 0 _aMisbah-ul-adab
260 _aAllahabad
_bMabu-i-Anwar Ahmadi India
_c1934
300 _a140p.
_ccm.
650 _aARABIC LITERATURE
942 _hO28x, G4
_cTEXL
_2CC
999 _c392351
_d392351